000 01498nam0a2200349 i 4500
001 RU\NLR\BIBL_A\010741936
005 20240921213217.0
010 _a9785439609093
_93000
021 _aRU
_b2015-19992
_91194
035 _a(NILC)RuMoRGB-007893061
035 _a(NLR Aleph) 010741936
090 _a9907500
_c9907500
100 _a20150430d2015 km y0rusy50 ca
101 0 _arus
102 _aRU
105 _ay|||z||||01yy
200 1 _aИноверие в Российской империи (историко-правовое исследование)
_eмонография
_fЛ. Р. Романовская
210 _aМосква
_cЮрлитинформ
_d2015
215 _a197, [2] с.
_d22
225 1 _aТеория и история государства и права
300 _aНа обороте тит. л. авт.: Романовская Л. Р., к. ю. н., доц.
320 _aБиблиогр.: с. 182-198 (222 назв.) и в подстроч. примеч.
606 1 _aРелигия и государство
_yРоссия
_z18 - 19 вв.
_92442128
_3RU\NLR\AUTH\661452744
606 1 _aСвобода совести
_yРоссия
_91636046
_3RU\NLR\AUTH\661021368
686 1 _aЭ239(2)4-021.5
686 1 _aХ809(2)322
700 1 _aРомановская
_bЛ. Р.
_gЛюбава Ростиславовна
801 0 _aRU
_bРГБ
_c20150320
_gRCR
942 _cBOOK
980 _aNBR